[Event "Pune Rapid op 12th"]
[Site "Pune"]
[Date "2024.05.23"]
[Round "1"]
[White "Advaith, Krishnan"]
[Black "Ritviz, Parab"]
[Result "0-1"]
[WhiteElo "1500"]
[BlackElo "2189"]
[PlyCount "78"]
[EventDate "2024.05.23"]
[EventType "swiss (rapid)"]
[EventRounds "9"]
[EventCountry "IND"]
[SourceTitle "CBM 220 Extra"]
[Source "ChessBase"]
[SourceDate "2024.07.31"]
[SourceVersion "1"]
[SourceVersionDate "2024.07.31"]
[SourceQuality "1"]

1. e4 g6 2. d4 c6 3. Nf3 d6 4. Nc3 b5 5. a4 b4 6. Na2 a5 7. c3 Nf6 8. e5 Nd5 9. Bc4 bxc3 10. Bxd5 cxd5 11. Nxc3 Bg7 12. Nxd5 dxe5 13. dxe5 Bb7 14. Nc3 Qxd1+ 15. Kxd1 Bxf3+ 16. gxf3 Bxe5 17. Re1 Nc6 18. f4 Bg7 19. Nb5 0-0 20. Kc2 Rac8 21. Kb3 Rfd8 22. Re3 Nb4 23. Nc3 e6 24. Rf3 Rb8 25. Nb5 Rd1 26. Nc3 Rh1 27. Rb1 Nd3+ 28. Kc2 Ne1+ 29. Kd2 Nxf3+ 30. Ke3 Bxc3 31. Kxf3 Bd2 32. Bxd2 Rxb1 33. Bxa5 R1xb2 34. Kg4 Rxf2 35. Bc7 Rb3 36. Be5 Rg2+ 37. Kh4 h6 38. f5 g5+ 39. Kh5 Rh3# 0-1